000 00741nam a2200217 i 4500
001 189718
003 ES-MaACL
005 20250831082015.0
007 t|
008 190930s1965 sp ||||1| spa d
110 2 _aIglesia Católica.
_bPapa (1963-1978: Pablo VI)
_9143866
245 1 0 _aMysterium fidei
_b: encíclica sobre la doctrina y culto de la Sagrada Eucaristia.
260 _aSalamanca :
_bSígueme,
_c1965.
300 _a71 p. ;
_c23 cm.
490 1 _aColección "Iglesia, Siglo XX" ;
_v18
650 4 _aEucaristía-
_vEncíclicas.
_9168398
700 1 _aPablo
_bVI,
_cPapa, Santo.
_9168351
830 0 0 _aColección "Iglesia, siglo XX"
_v18
_9182791
852 _aES-MaACL
_jP-863-Bis-11
999 _c189718
_d189718